Los problemas de la inflación de guerra
Uloženo v:
| Hlavní autor: | |
|---|---|
| Médium: | Kniha |
| Jazyk: | španělština |
| Vydáno: |
San José
Tormo
1957
|
| Edice: | Sección de Grandes Obras Contemporáneas, 1
|
| Témata: | |
| Tagy: |
Přidat tag
Žádné tagy, Buďte první, kdo vytvoří štítek k tomuto záznamu!
|
MARC
| LEADER | 00000nam a2200000 a 4500 | ||
|---|---|---|---|
| 001 | UCR7941 | ||
| 003 | CL-VaPUC | ||
| 005 | 20230526074335.0 | ||
| 008 | 980519e19570000CR |||||||||||||||||spa|d | ||
| 999 | |c 269516 |d 269514 | ||
| 040 | |c Pontificia Universidad Católica de Valparaíso | ||
| 082 | 0 | 4 | |a 332.41 |b KEY |2 21 |
| 100 | |a Keynes, John Maynard |e author |9 859135 | ||
| 245 | 1 | 4 | |a Los problemas de la inflación de guerra |
| 260 | |a San José |b Tormo |c 1957 | ||
| 300 | |a 102 p | ||
| 490 | 0 | |a Sección de Grandes Obras Contemporáneas, 1 | |
| 583 | |a last modification |c 19980519 00:00:00 |k Rodrigo Vera | ||
| 650 | 0 | |a Inflación |9 257218 | |
| 650 | 0 | |a Segunda Guerra Mundial |9 325982 | |
| 650 | 0 | |a Aspectos económicos |9 255165 | |
| 650 | 0 | |a Economía |9 255568 | |
| 852 | |a BIBCUR | ||
| 942 | |c BK |2 ddc | ||
| 945 | |d 19980519 00:00:00 |a crobeson | ||
| 952 | |0 0 |1 0 |4 0 |6 332_410000000000000_KEY_1957 |7 0 |8 A |9 303270 |a BIBENE |b BIBENE |d 2019-11-20 |i 1400126 |o 332.41 KEY 1957 |p 1400126 |r 2025-01-15 |w 2019-11-20 |y BK |k ICO | ||